| 000 | 00388nam a2200157Ia 4500 | ||
|---|---|---|---|
| 008 | 240126s9999 xx 000 0 und d | ||
| 022 | _a0304-0941 | ||
| 041 | _aEnglish | ||
| 082 | _aLIBRARY-J6 | ||
| 245 | 0 | _aDecision (2005 - | |
| 260 |
_bIndian Institute of Management. _aKolkata |
||
| 440 | _aNULL | ||
| 650 | _aDecision,(2005,-,Management | ||
| 650 | _aManagement | ||
| 942 | _cJN | ||
| 999 |
_c295210 _d295210 |
||